Statistics for Upper Limb - 3

Click here to take the quiz!

General Stats

  • This quiz has been taken 18 times
  • The average score is 6 of 15

Answer Stats

HintAnswer% Correct
Which nerve supplies the part of flexor digitorum profundus that flexes the radial two fingers?Median
83%
Which triangular muscle in the posterior compartment of the forearm originates from the posterior aspect of the lateral epichondyle, and inserts into the lateral edge of the ulna?Anconeus
58%
Which is the only muscle in the forearm, whose fibres run medial to lateral?Pronator quadratus
58%
Which of carpi ulnaris and radialis has two extensors, one originating from ceo, and the other the lateral supracondylar ridger?Radialis
58%
There are two ther key muscles that aid in finger extension, however only act on one finger, these are extensor indicis and which other?Extensor digiti minimi?
50%
Which muscle in the anterior forearm, has both origins from the CFO and the coronoid process of the ulna, as well as an extended origin from the radius?Flexor digitorum superficialis
50%
Branches from which nerve supply all the muscles in the posterior forearm?Radial
50%
What muscle in the anterior forearm inserts into the distal phalanx of the thumb, and has an origin from the distal radius?Flexor pollicis longus
42%
Which muscle named after its main action, originates from a crest on the ulna named after to it, and inserts into the radius just distal to the radial notch?Supinator
42%
Which muscle inserts into the base of the fifth metacarpal, and when working in conjustion with FCU can produce ulnar deviation of the wrist?Extensor carpi ulnaris
33%
Two muscle's tendons form the anterior border of the snuffbox, one originating from the dorsum of the radius (EPB), the other from the procimal part of the dorsum of the ulna, what muscle is this?Abductor pollicis longus
25%
Which muscle, forming the posterior border of the anatomical snuffbox winds around the dorsal lister's tubercle, to then insert into the base of the terminal phalanx of the thumb?Extensor pollicis longus
25%
What is the name given to the part of the bone that brachioradialis inserts into?Radial styloid process
25%
Which branch of a nerve supplies all of the deep muscles in the posterior forearm?Posterior interosseous
17%
Which muscle supplied by the poterior interosseous nerve is the main extensor of the finger joints?Extensor digitorum communis
8%

Score Distribution

Percentile by Number Answered

Percent of People with Each Score

Your Score History

You have not taken this quiz